[Event "45th Sparkassen Open"]
[Site "Dortmund GER"]
[Date "2017.07.21"]
[Round "7.12"]
[White "Althoff, Ralph"]
[Black "Holtel, Jasper"]
[Result "0-1"]
[BlackTitle "FM"]
[WhiteElo "2071"]
[BlackElo "2229"]
[WhiteFideId "4623177"]
[BlackFideId "12956376"]
[EventDate "2017.07.15"]

1. e4 c5 2. Nf3 d6 3. d4 cxd4 4. Qxd4 Nf6 5. Bb5+ Bd7 6. c4 g6 7. Nc3 Bg7 8. O-O
O-O 9. Qd3 a6 10. Bxd7 Nbxd7 11. Be3 Qa5 12. Bd4 Rfc8 13. Rfd1 Nc5 14. Qb1 Ncd7
15. Qd3 Qb4 16. b3 Qa5 17. Rab1 Qh5 18. a4 Ng4 19. Nd5 Bf8 20. h3 Nge5 21. Nxe5
dxe5 22. Bc3 e6 23. Ne3 Nc5 24. Qc2 a5 25. Ng4 Bg7 26. Rd6 Qg5 27. Rbd1 h5 28.
Nh2 Qh4 29. f3 Qe7 30. Nf1 Qc7 31. Kh1 Bf8 32. R6d2 f6 33. f4 Bh6 0-1

[Event "45th Sparkassen Open"]
[Site "Dortmund GER"]
[Date "2017.07.21"]
[Round "7.13"]
[White "Boesel, Alexander"]
[Black "Wiebe, Patrick"]
[Result "0-1"]
[WhiteElo "1963"]
[BlackElo "2229"]
[WhiteFideId "4623185"]
[BlackFideId "4684079"]
[EventDate "2017.07.15"]

1. e4 e6 2. d4 d5 3. Nd2 Nf6 4. e5 Nfd7 5. Bd3 c5 6. c3 Nc6 7. Ne2 cxd4 8. cxd4
f6 9. exf6 Nxf6 10. Nf3 Bd6 11. O-O Qc7 12. h3 O-O 13. Re1 Bd7 14. Be3 Rae8 15.
Rc1 Re7 16. Nc3 a6 17. Bb1 Qb8 18. Qd3 Be8 19. Qd2 Bh5 20. Nh4 Qe8 21. f4 Na5
22. b3 Ba3 23. Rc2 Bb4 24. Qd3 Nc6 25. Bc1 Bg6 26. Nxg6 Qxg6 27. Qxg6 hxg6 28.
Rd1 Nh5 29. Ne2 Bd6 30. g4 Nf6 31. Rc3 Kf7 32. Kg2 Rc7 33. Ng1 Ne4 34. Bxe4 dxe4
35. a3 Rfc8 36. b4 Ne7 37. Rxc7 Rxc7 38. Ne2 Nd5 39. Kf2 Rc2 40. Ke1 e3 41. Kf1
Nxf4 0-1

[Event "45th Sparkassen Open"]
[Site "Dortmund GER"]
[Date "2017.07.21"]
[Round "7.14"]
[White "Gijsen, Stief"]
[Black "Wuebker, Paul-Luca"]
[Result "0-1"]
[WhiteElo "2194"]
[BlackElo "2042"]
[WhiteFideId "207535"]
[BlackFideId "12939528"]
[EventDate "2017.07.15"]

1. d4 Nf6 2. c4 e6 3. Nc3 Bb4 4. e3 Ne4 5. Qc2 f5 6. Bd3 Nf6 7. Ne2 O-O 8. O-O
Nc6 9. a3 Bd6 10. f3 b6 11. b4 Bb7 12. Bb2 g6 13. c5 Be7 14. Bc4 bxc5 15. bxc5
Na5 16. Ba2 Ba6 17. Qa4 c6 18. Rfd1 h6 19. Nf4 Kh7 20. Rab1 Nd5 21. Ncxd5 Bb5
22. Qb4 exd5 23. Bc3 Nc4 24. Nxd5 a5 25. Qb3 a4 26. Qb4 cxd5 27. Qxb5 Nxa3 28.
Qb7 Nxb1 29. Rxb1 Rb8 30. Qxd5 Rxb1+ 31. Bxb1 Qc7 32. Ba2 Qc6 33. Qc4 h5 34. Bb4
Qf6 35. Bd2 Qc6 36. Kf2 Kg7 37. Bb4 Rb8 38. Bc3 Kh6 39. e4 fxe4 40. Qf7 Bg5 41.
Bd5 e3+ 42. Ke2 Qb5+ 43. Bc4 Qb1 44. f4 Qc2+ 45. Kf3 Qf2+ 46. Ke4 Qxg2+ 47. Ke5
Qxh2 48. d5 e2 49. Ke4 Qg2+ 50. Ke5 Qg3 51. Be1 Qe3+ 52. Kd6 Bxf4+ 53. Kxd7 Rb7+ 0-1

[Event "45th Sparkassen Open"]
[Site "Dortmund GER"]
[Date "2017.07.21"]
[Round "7.16"]
[White "Wilke, Werner"]
[Black "Finke, Dominik"]
[Result "1-0"]
[WhiteElo "2225"]
[BlackElo "1987"]
[WhiteFideId "1600826"]
[BlackFideId "16202511"]
[EventDate "2017.07.15"]

1. d4 Nf6 2. Nc3 e6 3. e4 d5 4. Bg5 dxe4 5. Nxe4 Be7 6. Bxf6 Bxf6 7. Nf3 Nd7 8.
Bd3 O-O 9. h4 g6 10. h5 c5 11. hxg6 fxg6 12. Qd2 cxd4 13. Qh6 Qe7 14. Nfg5 Bxg5
15. Nxg5 Ne5 16. Nxh7 Qb4+ 17. Kd1 Rxf2 18. Nf6+ Kf7 19. Qh7+ Kxf6 20. Qh4+ Kf7
21. Qxf2+ Kg7 22. Qf4 Nxd3 23. cxd3 Qc5 1-0

[Event "45th Sparkassen Open"]
[Site "Dortmund GER"]
[Date "2017.07.21"]
[Round "7.17"]
[White "Nasoyan, Maksim"]
[Black "Lehmann, Holger"]
[Result "0-1"]
[WhiteElo "1860"]
[BlackElo "2188"]
[WhiteFideId "16220331"]
[BlackFideId "4620275"]
[EventDate "2017.07.15"]

1. e4 c5 2. Nc3 a6 3. g3 b5 4. Bg2 Bb7 5. d3 e6 6. f4 d5 7. exd5 Nf6 8. Nf3 Nxd5
9. Ne4 Be7 10. O-O O-O 11. b3 Nc6 12. Ne5 Qc7 13. Nxc6 Bxc6 14. c4 Nf6 15. Bb2
Rfd8 16. Qf3 Rac8 17. Rad1 Qb6 18. Bxf6 Bxf6 19. Nxf6+ gxf6 20. Qg4+ Kf8 21.
Bxc6 Qxc6 22. Qh5 Ke7 23. Qxh7 Rd4 24. Kf2 Rcd8 25. Ke2 a5 26. cxb5 Qxb5 27. g4
Qb8 28. Qh5 Qd6 29. g5 f5 30. Qf3 a4 31. h4 axb3 32. axb3 Rb8 33. Ra1 c4 34.
Ra7+ Kf8 35. Qh5 Re4+ 36. dxe4 Qd3+ 37. Kf2 Qd4+ 38. Kg3 Rxb3+ 39. Kh2 Qd2+ 0-1

[Event "45th Sparkassen Open"]
[Site "Dortmund GER"]
[Date "2017.07.21"]
[Round "7.18"]
[White "Kasueschke, Lars"]
[Black "Hiller, Simon"]
[Result "0-1"]
[WhiteElo "1916"]
[BlackElo "2165"]
[WhiteFideId "12939510"]
[BlackFideId "24641308"]
[EventDate "2017.07.15"]

1. e4 c6 2. d4 d5 3. e5 Bf5 4. Nf3 e6 5. Be2 c5 6. Be3 cxd4 7. Nxd4 Ne7 8. c4
Nbc6 9. f4 Nxd4 10. Bxd4 Nc6 11. Bf2 Bb4+ 12. Nd2 dxc4 13. Bxc4 g5 14. a3 Bxd2+
15. Qxd2 Qxd2+ 16. Kxd2 gxf4 17. Rhe1 Rd8+ 18. Kc3 Rc8 19. Bb5 a6 20. Bxc6+
Rxc6+ 21. Kb3 Bc2+ 22. Ka2 Bd3 23. Rac1 Bc4+ 24. b3 Bd5 25. Rxc6 Bxc6 26. g3 f3
27. Rd1 O-O 28. Rd4 f5 29. Kb2 Rc8 30. Rc4 Rd8 31. Rd4 Bd5 32. Rd3 Kf7 33. Bb6
Rg8 34. Be3 h5 35. Rd4 Be4 36. Rd7+ Kg6 37. Re7 Bd5 38. Rc7 f4 39. Bf2 fxg3 40.
Bxg3 Kf5 41. Kc3 Kg4 42. Rf7 Kh3 43. Kd2 Kg2 44. Rf4 Rd8 45. Ke3 Rc8 46. Be1 Rc2
47. Kd3 f2 0-1

[Event "45th Sparkassen Open"]
[Site "Dortmund GER"]
[Date "2017.07.21"]
[Round "7.19"]
[White "Sandten, Ulrich"]
[Black "Bork, Sophie"]
[Result "1-0"]
[WhiteElo "2064"]
[BlackElo "1858"]
[WhiteFideId "4644930"]
[BlackFideId "12905429"]
[EventDate "2017.07.15"]

1. e4 e5 2. Nf3 Nc6 3. Bc4 Bc5 4. c3 Nf6 5. d3 O-O 6. O-O d5 7. exd5 Nxd5 8. b4
Bb6 9. Qb3 Nf4 10. Bxf4 exf4 11. Nbd2 Bg4 12. Rfe1 Qd7 13. d4 Bh5 14. a4 a6 15.
Re4 Bg6 16. Rxf4 Qd6 17. g3 Rae8 18. Nf1 Nd8 19. Ne5 Ne6 20. Nxg6 hxg6 21. Rf3
Ng5 22. Re3 Rxe3 23. Nxe3 c6 24. Bf1 Nf3+ 25. Kg2 Qf6 26. Qd1 Ng5 27. Qg4 Re8
28. Bd3 Ne6 29. Re1 Bc7 30. Re2 Qd8 31. Bc4 b5 32. Bb3 a5 33. axb5 axb4 34. bxc6
bxc3 35. d5 Nc5 36. Bc2 Qd6 37. Qc4 Kf8 38. Qxc3 f5 39. Qd4 Qe7 40. Nxf5 Be5 41.
Rxe5 Qxe5 42. Qxc5+ Kg8 43. c7 gxf5 44. c8=Q f4 45. Qf5 1-0

[Event "45th Sparkassen Open"]
[Site "Dortmund GER"]
[Date "2017.07.21"]
[Round "7.20"]
[White "Dannehr, Juergen"]
[Black "Groneberg, Joerg"]
[Result "1/2-1/2"]
[WhiteElo "1845"]
[BlackElo "1973"]
[WhiteFideId "16211758"]
[BlackFideId "12941638"]
[EventDate "2017.07.15"]

1. d4 Nf6 2. c4 g6 3. Nc3 Bg7 4. e4 d6 5. Be2 O-O 6. Bg5 c6 7. Qd2 e5 8. d5 Qc7
9. h3 Na6 10. Bd3 Ne8 11. g4 Nc5 12. Bc2 a5 13. Nge2 f5 14. gxf5 1/2-1/2

[Event "45th Sparkassen Open"]
[Site "Dortmund GER"]
[Date "2017.07.21"]
[Round "7.21"]
[White "Buechle, Manfred"]
[Black "Kartsev, Nikolaj"]
[Result "1-0"]
[WhiteElo "2118"]
[BlackElo "1827"]
[WhiteFideId "4659368"]
[BlackFideId "12939536"]
[EventDate "2017.07.15"]

1. e4 c5 2. Nf3 d6 3. d4 cxd4 4. Nxd4 Nf6 5. Nc3 Nc6 6. Be2 e6 7. Be3 Be7 8. O-O
a6 9. f4 O-O 10. Bf3 e5 11. Nxc6 bxc6 12. fxe5 dxe5 13. Qxd8 Rxd8 14. Rfd1 Be6
15. b3 Ng4 16. Bb6 Rdb8 17. Bf2 Nxf2 18. Kxf2 Bc5+ 19. Ke2 Bd4 20. Rd3 c5 21.
Rad1 c4 22. Rxd4 exd4 23. Rxd4 Rd8 24. Nd5 cxb3 25. axb3 f6 26. Kd3 Kf7 27. c4
a5 28. Kc3 Ra7 29. Rd2 Ke8 30. Ra2 Kd7 31. Kd4 Rb8 32. Ra3 Kd6 33. Nc3 Bd7 34.
c5+ Ke6 35. Bg4+ Kf7 36. Bxd7 Rxd7+ 37. Nd5 Rb4+ 38. Ke3 Rb5 39. Kd4 Rb4+ 40.
Ke3 Rb5 41. Kd4 a4 42. Rxa4 Rxb3 43. c6 Rd8 44. Ra7+ Kf8 45. c7 Rc8 46. Kc5 Rb2
47. Kc6 Ke8 48. Rb7 Rc2+ 49. Kd6 Ra2 50. Rb8 Ra8 51. Rxa8 Rxa8 52. Nb6 Rd8+ 53.
cxd8=Q+ Kxd8 54. Ke6 Ke8 55. Nd5 Kf8 56. Nxf6 gxf6 57. Kxf6 Kg8 58. Ke7 Kg7 59.
e5 h5 60. e6 h4 61. Kd7 h3 62. gxh3 Kf6 63. e7 Kg5 64. e8=Q Kf5 65. Qg8 Ke5 66.
h4 Ke4 67. h5 Kf3 68. h6 Kf2 69. h7 Kf1 70. h8=Q Kf2 71. Qf6+ Ke3 72. Qge6+ Kd3
73. Qff5+ Kd4 74. Qfd5+ Kc3 75. Qec6+ Kb4 76. Qdb5+ Ka3 77. Qca6# 1-0

[Event "45th Sparkassen Open"]
[Site "Dortmund GER"]
[Date "2017.07.21"]
[Round "7.22"]
[White "Koellner, Christof"]
[Black "Garbuz, Vitaliy"]
[Result "1/2-1/2"]
[WhiteElo "2131"]
[BlackElo "1989"]
[WhiteFideId "4635787"]
[BlackFideId "12990710"]
[EventDate "2017.07.15"]

1. d4 d5 2. Bf4 Nf6 3. e3 c5 4. c3 Nc6 5. Nd2 e6 6. Bd3 Bd6 7. Bxd6 Qxd6 8. f4
b6 9. Nh3 Bb7 10. O-O O-O 11. Qf3 a5 12. Rf2 a4 13. a3 Na5 14. g4 c4 15. g5 cxd3
16. gxf6 gxf6 17. Rg2+ Kh8 18. Nf2 f5 19. Nxd3 f6 20. Nf1 Ba6 21. Nb4 Bxf1 22.
Rxf1 Rg8 23. Rf2 Nc4 24. Nd3 Qe7 25. Ne1 Nd6 26. Rxg8+ Rxg8+ 27. Ng2 Ne4 28. Rc2
Nd6 29. Kf1 Qf7 30. Ke1 Nc4 31. Kd1 Qd7 32. Kc1 Qb5 33. Rf2 Qb3 34. Qe2 Qa2 35.
Qc2 Rxg2 36. Rxg2 Nxe3 37. Qxa4 Qa1+ 38. Kd2 Nc4+ 39. Ke2 Qxb2+ 40. Kf3 Qxc3+
41. Kf2 Qd2+ 42. Kg3 Qe3+ 43. Kh4 Qxf4+ 44. Kh3 Qh6+ 45. Kg3 Qe3+ 46. Kh4 Qh6+
47. Kg3 Qe3+ 1/2-1/2

[Event "45th Sparkassen Open"]
[Site "Dortmund GER"]
[Date "2017.07.21"]
[Round "7.23"]
[White "Heller, Achim"]
[Black "Mittelbachert, Ulrich"]
[Result "0-1"]
[WhiteElo "2118"]
[BlackElo "1978"]
[WhiteFideId "12901300"]
[BlackFideId "4634470"]
[EventDate "2017.07.15"]

1. d4 d6 2. c4 e5 3. Nc3 exd4 4. Qxd4 Nc6 5. Qd2 Nf6 6. b3 a5 7. Bb2 Be6 8. e4
a4 9. Nf3 a3 10. Bc1 Nxe4 11. Nxe4 d5 12. Qe3 dxe4 13. Qxe4 Qf6 14. Rb1 O-O-O
15. Bg5 Bb4+ 16. Ke2 Qf5 17. Qxf5 Bxf5 18. Rd1 Rxd1 19. Kxd1 f6 20. Be3 Rd8+ 21.
Kc1 Bc3 22. Bd2 Bb2+ 23. Kd1 Nb4 24. c5 Bc2+ 25. Ke1 Nxa2 26. Bc4 Re8+ 27. Be3
Bc3+ 28. Ke2 Nb4 29. Ne1 Bg6 30. Bd3 a2 31. Nc2 Bxd3+ 0-1

[Event "45th Sparkassen Open"]
[Site "Dortmund GER"]
[Date "2017.07.21"]
[Round "7.24"]
[White "Oezen, Alf"]
[Black "Gramb, Marius"]
[Result "0-1"]
[WhiteElo "1981"]
[BlackElo "2110"]
[WhiteFideId "12985430"]
[BlackFideId "24656593"]
[EventDate "2017.07.15"]

1. d4 Nf6 2. Bf4 d5 3. e3 c5 4. c3 Nc6 5. Bd3 Qb6 6. Qc1 Nh5 7. Bg3 h6 8. Ne2
Nxg3 9. hxg3 e5 10. dxc5 Bxc5 11. b4 Bd6 12. a4 a6 13. e4 d4 14. b5 Na5 15. Qb2
Bd7 16. Nd2 dxc3 17. Qxc3 Rc8 18. Qb2 O-O 19. O-O Be6 20. Kh2 Rfd8 21. Rac1 Rxc1
22. Nxc1 Bc5 23. Nf3 f6 24. Qe2 axb5 25. Bxb5 Nc6 26. Bc4 Nd4 27. Bxe6+ Nxe6 28.
Qc4 Kh7 29. a5 Qa6 30. Qxa6 bxa6 31. Nb3 Ba7 32. Nfd2 Nd4 33. f3 Nc6 34. Ra1 Rd3
35. Ra2 Be3 36. Kh3 Kg6 37. g4 Nb4 38. Rb2 Nc6 39. Ra2 Kf7 40. g3 Rc3 41. Kg2
Nb4 42. Ra4 Nd3 43. Rc4 Ne1+ 44. Kf1 Bxd2 45. Nxd2 Rxc4 46. Nxc4 Nxf3 47. Ke2
Nd4+ 48. Kd3 Ke7 49. Ne3 Nb3 50. Nd5+ Kd6 51. Nb4 Nc5+ 52. Kc4 g5 53. Nxa6 Nxa6
54. Kb5 Nc7+ 55. Kb6 Kd7 56. Kb7 Ne6 57. Kb6 Kc8 58. a6 Kb8 59. Kc6 Nd4+ 60. Kd6
Ne2 61. Ke6 Nxg3 62. Kxf6 Nxe4+ 63. Kg6 Nf2 64. Kxh6 e4 0-1

[Event "45th Sparkassen Open"]
[Site "Dortmund GER"]
[Date "2017.07.21"]
[Round "7.26"]
[White "Borchert, Louis"]
[Black "Biermann, Lenhard"]
[Result "1/2-1/2"]
[WhiteElo "1996"]
[BlackElo "1902"]
[WhiteFideId "12990680"]
[BlackFideId "12970077"]
[EventDate "2017.07.15"]

1. e4 e6 2. Nf3 d5 3. Nc3 Nf6 4. e5 Nfd7 5. d4 c5 6. dxc5 Nc6 7. Bf4 Nxc5 8. Be2
Be7 9. O-O a6 10. Re1 b5 11. Bf1 Bb7 12. Ne2 Ne4 13. Ng3 Nxg3 14. hxg3 Rc8 15.
a3 Qb6 16. c3 O-O 17. Bd3 Rfd8 18. Ng5 Bxg5 19. Bxg5 h6 20. Bxd8 Rxd8 21. Bc2 d4
22. Qd3 dxc3 23. Qxc3 b4 24. Qe3 Nd4 25. Be4 b3 26. Bxb7 Qxb7 27. Red1 Qb6 28.
Rac1 f6 29. exf6 gxf6 30. Qd3 Kg7 31. Qc4 Rd7 32. Kh2 e5 33. Qc5 Qxc5 34. Rxc5
Nf3+ 35. gxf3 Rxd1 36. Rc3 Rd2 37. Rxb3 Rxf2+ 38. Kh3 Kg6 39. g4 a5 40. Kg3 Rd2
41. Rb8 a4 42. Rb4 Re2 1/2-1/2

[Event "45th Sparkassen Open"]
[Site "Dortmund GER"]
[Date "2017.07.21"]
[Round "7.27"]
[White "Fuhlrott, Tim"]
[Black "Steinle, Carsten"]
[Result "0-1"]
[WhiteElo "1856"]
[BlackElo "2237"]
[WhiteFideId "16222431"]
[BlackFideId "24676462"]
[EventDate "2017.07.15"]

1. c4 b6 2. Nc3 Bb7 3. e4 e5 4. g3 f5 5. Bg2 Nf6 6. d3 Bc5 7. Nge2 fxe4 8. O-O
O-O 9. Bg5 Nc6 10. Nxe4 Be7 11. Nxf6+ Bxf6 12. Bxf6 Qxf6 13. d4 exd4 14. Nxd4
Nxd4 15. Bxb7 Rae8 16. Bd5+ Kh8 17. f4 Re2 18. Rf2 Rfe8 19. Rxe2 Nxe2+ 20. Kf2
Qxb2 21. Rb1 Nc3+ 0-1

[Event "45th Sparkassen Open"]
[Site "Dortmund GER"]
[Date "2017.07.21"]
[Round "7.28"]
[White "Ambartsumjan, Evgeny"]
[Black "Biermann, Florian"]
[Result "1-0"]
[WhiteElo "2122"]
[BlackElo "1939"]
[WhiteFideId "34140643"]
[BlackFideId "12970069"]
[EventDate "2017.07.15"]

1. e4 c5 2. Nf3 d6 3. d4 cxd4 4. Nxd4 Nf6 5. Nc3 a6 6. g3 e5 7. Nde2 Be7 8. Bg5
Nbd7 9. Bg2 b5 10. Bxf6 Nxf6 11. Nd5 Nxd5 12. Qxd5 Be6 13. Qd2 O-O 14. O-O Qc7
15. Rac1 Rfc8 16. Nc3 Qa5 17. a3 b4 18. Nd1 Rab8 19. h4 Qc5 20. axb4 Qxb4 21. c3
Qb5 22. Re1 Rc6 23. Bf1 Qb3 24. Ra1 Bg4 25. Ne3 Be6 26. Reb1 a5 27. Be2 Bd8 28.
Bd1 Qb7 29. b4 axb4 30. Rxb4 Rb6 31. Rba4 g6 32. Bg4 Qc6 33. Bxe6 fxe6 34. Kg2
Rb1 35. Rxb1 Rxb1 36. Qa2 Kf7 37. Qxb1 Qxa4 38. Qb7+ Be7 39. Ng4 Qe8 40. c4 h5
41. Nh2 Kg7 42. Nf3 Kg8 43. Qc7 Qd8 44. Qc6 Kf7 45. Qb7 Kg8 46. c5 dxc5 47. Nxe5
Qe8 48. Qc7 Bf6 49. Nc4 Qe7 50. Qc8+ Kh7 51. e5 Bg7 52. Qc6 Kg8 53. f4 Bf8 54.
Nd2 Qf7 55. Ne4 Be7 56. Kf3 Kg7 57. Qc7 Kg8 58. Ke3 Qe8 59. Nd6 Bxd6 60. exd6
Qa4 61. Qxc5 Qb3+ 62. Ke4 Qb1+ 63. Ke5 Qf5+ 64. Kd4 Qf6+ 65. Ke3 Qa1 66. Qd4
Qg1+ 67. Ke4 Qe1+ 68. Qe3 Qb4+ 69. Ke5 Qb5+ 70. Kf6 Qd7 71. Qxe6+ 1-0

[Event "45th Sparkassen Open"]
[Site "Dortmund GER"]
[Date "2017.07.21"]
[Round "7.29"]
[White "Schuelke, Tilman"]
[Black "Sondermann, Dirk"]
[Result "1-0"]
[WhiteElo "1973"]
[BlackElo "2041"]
[WhiteFideId "4647475"]
[BlackFideId "4658116"]
[EventDate "2017.07.15"]

1. d4 Nf6 2. c3 g6 3. Bf4 Bg7 4. h3 d6 5. Nf3 O-O 6. e3 Nbd7 7. Be2 Qe8 8. O-O
e5 9. Bh2 Qe7 10. a4 Ne4 11. Nfd2 Nxd2 12. Qxd2 Re8 13. Na3 a5 14. Rfe1 Nb6 15.
Nc2 Be6 16. Ra3 Bc4 17. b3 Bxe2 18. Rxe2 c5 19. Qd3 Qc7 20. Re1 Rec8 21. c4 Re8
22. Rd1 Rad8 23. d5 e4 24. Qd2 Nd7 25. Ra2 Qb6 26. Rb1 Ne5 27. Bxe5 Bxe5 28. Ne1
f5 29. f4 exf3 30. Nxf3 Bf6 31. Kf2 Re4 32. Qc2 Rde8 33. Re1 Qd8 34. Qd3 Bg7 35.
g3 Qf6 36. Rae2 g5 37. Kg2 g4 38. Nh4 gxh3+ 39. Kh2 Qg5 40. Nf3 Qg4 41. Nd2 R4e7
42. Rf2 Be5 43. Rg1 Rf7 44. Qf1 Bg7 45. Rf4 Rxe3 46. Nf3 Qh5 47. Nh4 Qe2+ 48.
Qxe2 Rxe2+ 49. Kxh3 Be5 50. Rf3 Rb2 51. Nxf5 Rf6 52. Rgf1 Kh8 53. R1f2 Rxf2 54.
Rxf2 Kg8 55. g4 Rf8 56. g5 Bg7 57. Kg4 Be5 58. Rh2 Rd8 59. Rh6 Rd7 60. Re6 Kh8
61. Re8# 1-0

[Event "45th Sparkassen Open"]
[Site "Dortmund GER"]
[Date "2017.07.21"]
[Round "7.30"]
[White "Boecker, Juergen"]
[Black "Kolakovic, Klaudio"]
[Result "0-1"]
[WhiteElo "1930"]
[BlackElo "2017"]
[WhiteFideId "12915904"]
[BlackFideId "24645800"]
[EventDate "2017.07.15"]

1. e4 d6 2. Nc3 e5 3. Nf3 c5 4. Bc4 Nc6 5. h3 g6 6. d3 h6 7. Nd5 Bg7 8. c3 Nge7
9. Ne3 O-O 10. a4 Kh7 11. O-O f5 12. exf5 gxf5 13. Re1 d5 14. Bb3 Be6 15. Nf1
Qd7 16. a5 e4 17. Nh4 Rad8 18. Ba4 Bf7 19. Bf4 Bf6 20. g3 Bxh4 21. gxh4 Ng6 22.
Qd2 Nxh4 23. Nh2 Rg8+ 24. Bg3 f4 25. Qxf4 Qxh3 26. Qxf7+ Rg7 27. Qxg7+ Kxg7 28.
Bxh4 Qxh4 29. Bxc6 bxc6 30. dxe4 dxe4 31. Re3 Kf7 32. Rg3 Rd5 33. Re1 Rh5 34.
Rg2 Rg5 35. Nf1 Rxg2+ 36. Kxg2 e3 37. Rxe3 Qa4 38. Rh3 Kg6 39. Ne3 Qxa5 40. Rg3+
Kh7 41. Nf5 c4 42. Ne3 Qb6 43. Ng4 Kg7 44. Ne3+ Kf7 45. Rf3+ Ke6 46. Rg3 Qxb2
47. Nxc4 Qb1 48. Nd2 Qc2 49. Re3+ Kd5 50. Nf3 Qg6+ 51. Kf1 Kd6 52. Ne5 Qb1+ 53.
Kg2 Qa2 54. Nf3 a5 55. Re4 c5 56. Re8 a4 57. Rh8 Qe6 58. Rd8+ Kc7 59. Rf8 a3 0-1

[Event "45th Sparkassen Open"]
[Site "Dortmund GER"]
[Date "2017.07.21"]
[Round "7.31"]
[White "Manthei, Michael"]
[Black "Kagan, Dennis"]
[Result "0-1"]
[WhiteElo "2004"]
[BlackElo "1902"]
[WhiteFideId "24605824"]
[BlackFideId "12983578"]
[EventDate "2017.07.15"]

1. d4 Nf6 2. Nf3 e6 3. Bf4 Be7 4. e3 b6 5. Nbd2 Bb7 6. Bd3 c5 7. c3 O-O 8. Qc2
d6 9. Rd1 cxd4 10. exd4 Nbd7 11. O-O h6 12. Ne4 Qc7 13. Nfd2 Nd5 14. Bxh6 gxh6
15. Rde1 f5 16. Ng3 Kf7 17. f4 N7f6 18. h3 Rg8 19. Kh2 Rg7 20. Nf3 Rag8 21. Bxf5
exf5 22. Qxf5 Bf8 23. Qd3 Rxg3 0-1

[Event "45th Sparkassen Open"]
[Site "Dortmund GER"]
[Date "2017.07.21"]
[Round "7.33"]
[White "Wastian, Jan"]
[Black "Harringer, Manfred"]
[Result "1/2-1/2"]
[WhiteElo "1878"]
[BlackElo "1979"]
[WhiteFideId "12911640"]
[BlackFideId "12958336"]
[EventDate "2017.07.15"]

1. e4 e5 2. Nf3 Nc6 3. Bb5 a6 4. Ba4 Nf6 5. d3 d6 6. c3 Be7 7. Nbd2 O-O 8. O-O
Bg4 9. h3 Bxf3 10. Nxf3 Nd7 11. d4 b5 12. Bc2 Bf6 13. Be3 Na5 14. b3 c5 15. dxc5 1/2-1/2

[Event "45th Sparkassen Open"]
[Site "Dortmund GER"]
[Date "2017.07.21"]
[Round "7.34"]
[White "Hartung, Thomas2"]
[Black "Klueting, Reiner"]
[Result "0-1"]
[WhiteElo "1979"]
[BlackElo "1907"]
[WhiteFideId "4639146"]
[BlackFideId "4644760"]
[EventDate "2017.07.15"]

1. e4 Nf6 2. e5 Nd5 3. d4 d6 4. c4 Nb6 5. f4 g6 6. Nc3 Bg7 7. Nf3 O-O 8. Be2 Be6
9. d5 Bg4 10. exd6 cxd6 11. O-O Bxc3 12. bxc3 Qc7 13. Rb1 Na6 14. Be3 Nc5 15.
Qd4 Rac8 16. f5 Bxf5 17. Bh6 e5 18. Qh4 f6 19. Bxf8 Rxf8 20. Rbc1 Nd3 21. Rcd1
Nb2 22. Nd2 Nxd1 23. Rxd1 Qc5+ 24. Qf2 Qa3 25. Qe3 Nd7 26. g4 Bc2 27. Rf1 Nc5 0-1

[Event "45th Sparkassen Open"]
[Site "Dortmund GER"]
[Date "2017.07.21"]
[Round "7.35"]
[White "Runte, Moritz"]
[Black "Ciornei, Dragos"]
[Result "1-0"]
[WhiteElo "1862"]
[BlackElo "2118"]
[WhiteFideId "12991449"]
[BlackFideId "4619200"]
[EventDate "2017.07.15"]

1. e4 e5 2. Nf3 Nc6 3. Bc4 Nf6 4. d3 h6 5. c3 d6 6. Bb3 g6 7. O-O Bg7 8. Re1 O-O
9. Nbd2 Re8 10. h3 Be6 11. Bc2 d5 12. exd5 Nxd5 13. Nc4 Bd7 14. Ba4 f6 15. Bb3
Be6 16. d4 exd4 17. Nxd4 Nxd4 18. Qxd4 Bf7 19. Bd2 Nb6 20. Rxe8+ Qxe8 21. Nxb6
axb6 22. Re1 Qf8 23. Qe4 c6 24. Qxg6 Bxb3 25. axb3 Qf7 26. Qg3 Kh8 27. c4 Re8
28. Rxe8+ Qxe8 29. Qe3 Qd7 30. Bc3 Kh7 31. Qxb6 Qd1+ 32. Kh2 Qd6+ 33. g3 Qd7 34.
Qc5 f5 35. Bxg7 Kxg7 36. Qe5+ Kg6 37. Qf4 Qg7 38. g4 Qxb2 39. Qxf5+ Kg7 40. Qd7+
Kg6 41. Qe8+ Kg7 42. Qe3 Qf6 43. Kg3 b5 44. cxb5 cxb5 45. f4 Qc6 46. Qd4+ Kh7
47. Kh4 Qe8 48. Qe5 Qd8+ 49. Kh5 b4 50. Qf5+ Kh8 51. Qe6 Kg7 52. Qxh6+ Kf7 53.
Qh7+ 1-0

[Event "45th Sparkassen Open"]
[Site "Dortmund GER"]
[Date "2017.07.21"]
[Round "7.36"]
[White "Seref, Serkan"]
[Black "Schmitz, Edgar"]
[Result "1-0"]
[WhiteElo "1910"]
[BlackElo "1909"]
[WhiteFideId "16205561"]
[BlackFideId "24675270"]
[EventDate "2017.07.15"]

1. e4 c5 2. Nf3 d6 3. c3 Nf6 4. Be2 e6 5. Qc2 Nc6 6. d4 cxd4 7. cxd4 Be7 8. Nc3
a6 9. O-O O-O 10. Rd1 Bd7 11. Bg5 Rc8 12. Rac1 h6 13. Bf4 d5 14. e5 Nh7 15. Qd2
Ng5 16. Nxg5 Bxg5 17. Bxg5 hxg5 18. Na4 Nxe5 19. Nc5 Nc4 20. Bxc4 dxc4 21. Nxb7
Qf6 22. Nd6 Rcd8 23. Nxc4 Bb5 24. b3 Rb8 25. Ne5 Rfd8 26. Rc7 Be8 27. Rc5 Rd6
28. Ng4 Qf4 29. Rxg5 Qxd2 30. Rxd2 Rbd8 31. Nf6+ Kf8 32. Nxe8 Rxe8 33. Ra5 Red8
34. Kf1 f6 35. Rc2 Rxd4 36. Rxa6 Re4 37. g3 Rd7 38. Rac6 Kg8 39. R6c4 Re5 40. b4
Rb7 41. a4 Rd5 42. b5 Rd1+ 43. Kg2 Ra1 44. Rb4 Kf7 45. b6 Ke7 46. Rc8 Kd7 47.
Ra8 Kc6 48. a5 Kc5 49. Rb2 Ra4 50. Rc8+ Kd6 51. Rd2+ Ke7 52. Rdc2 Rd4 53. R2c7+
Rd7 54. Rxb7 Rxb7 55. a6 1-0

[Event "45th Sparkassen Open"]
[Site "Dortmund GER"]
[Date "2017.07.21"]
[Round "7.37"]
[White "Elefteriadis, Paul-Gabriel"]
[Black "Nguyen, Lucas"]
[Result "0-1"]
[WhiteElo "1891"]
[BlackElo "1934"]
[WhiteFideId "24626236"]
[BlackFideId "1049640"]
[EventDate "2017.07.15"]

1. c4 e6 2. Nc3 Nf6 3. Nf3 Be7 4. e4 d6 5. d4 Nc6 6. Be2 O-O 7. O-O b6 8. Qc2
Bb7 9. d5 exd5 10. Nxd5 Nxd5 11. cxd5 Ne5 12. Nd4 Bf6 13. Be3 Rc8 14. f4 Ng6 15.
Bg4 Ra8 16. Rac1 Qe8 17. Ne2 Bxd5 18. Ng3 Bd8 19. Bd4 Bb7 20. Qc3 f6 21. Qc4+
Kh8 22. Bh5 Qd7 23. e5 c5 24. e6 Qc6 25. Qe2 Ne7 26. Bf3 d5 27. b4 Qa4 28. Bc3
Ba6 29. Qd2 Bxf1 30. Bxd5 Nxd5 31. Qxd5 Bxg2 32. Kxg2 Be7 33. Qb7 Rfe8 34. Ne4
Rab8 35. Qd5 Red8 0-1